Normal view MARC view

Entry Personal Name

Number of records used in: 2

001 - CONTROL NUMBER

  • control field: 9574

003 - CONTROL NUMBER IDENTIFIER

  • control field: DLC

005 - DATE AND TIME OF LATEST TRANSACTION

  • control field: 20230923140314.0

008 - FIXED-LENGTH DATA ELEMENTS

  • fixed length control field: 820412n| azannaab |a aaa

010 ## - LIBRARY OF CONGRESS CONTROL NUMBER

  • LC control number: n 82049586
  • Canceled/invalid LC control number: n 79008676

040 ## - CATALOGING SOURCE

  • Original cataloging agency: DLC
  • Language of cataloging: eng
  • Description conventions: rda
  • Transcribing agency: DLC
  • Modifying agency: DLC

046 ## - SPECIAL CODED DATES

  • Birth date: 1941-10-31
  • Source of date scheme: edtf

100 1# - HEADING--PERSONAL NAME

  • Personal name: Larson, Ron,
  • Dates associated with a name: 1941-

373 ## - ASSOCIATED GROUP

  • Associated group: Pennsylvania State University at Erie
  • Source of term: naf

377 ## - ASSOCIATED LANGUAGE

  • Language code: eng

400 1# - SEE FROM TRACING--PERSONAL NAME

  • Personal name: Larson, Roland E.
  • Fuller form of name: (Roland Edwin),
  • Dates associated with a name: 1941-

670 ## - SOURCE DATA FOUND

  • Source citation: His Mathematics for everyday living, c1982:
  • Information found: t.p. (Roland E. Larson)

670 ## - SOURCE DATA FOUND

  • Source citation: Calculus of a single variable, c1999:
  • Information found: t.p. (Ron Larson; Penn. State Univ., The Behrend College)

670 ## - SOURCE DATA FOUND

  • Source citation: E-mail to author [odx@psu.edu], Oct. 20, 1998
  • Information found: (Author now writing under nickname Ron Larson, not given name Roland E. Larson)

670 ## - SOURCE DATA FOUND

  • Source citation: AMWS, 1998-99
  • Information found: (Larson, Roland Edwin; b. Oct. 31, 1941)

670 ## - SOURCE DATA FOUND

  • Source citation: College algebra, 2022:
  • Information found: title page (Ron Larson, the Pennsylvania State University, the Behrend College)

Powered by Koha